00859nac a22002777a 4500001001000000003000900010005001700019008003400036040005400070072001300124110005600137245008700193260003600280300001000316490009500326500001900421650001300440650001500453650002100468650001200489650001200501650002800513650001500541650001500556650001000571BR8303849BR-BrBNA20240105115803.0230509b bl.|||m| |||| 00| 0 por d aBR-BrBNAbporcBiblioteca Nacional de Agricultura aE70; K501 aSuperintendencia da Borracha, Brasilia, DF (Brasil)1 aAnuario estatistico. Mercado nacional, 1982 [Superintendencia da Borracha, Brasil]3 aBrasilia, DF (Brasil): c1983.  a68 p. aAnuario Estatistico. Mercado Nacional - Superintendencia da Borracha (Brazil)vv. 16(31)x aNumerical data aBORRACHA aSUBPRODUTO aMERCADO NACIONAL aESTOQUE aCONSUMO aESTATISTICA DE PRODUCAO aIMPORTACAO aEXPORTACAO aPRECO